Score 0/11 Timer 03:00
0 Plays Today
% Correct
Alps
94.6%
Scandinavian Mountains
93.5%
Pyrenees
82.5%
Ural Mountains
74.5%
Carpathians
71%
Caucasus Mountains
70.7%
Apennines
67.2%
Dinaric Alps
63.9%
Pennines
50.4%
Pindus
48.5%
Central System
44.7%
Remove Ads.
Support Sporcle.
Get the best of Sporcle when you Go Orange. This ad-free experience offers more features, more stats, and more fun while also helping to support Sporcle. Thank you for becoming a member.

You're not logged in!

Compare scores with friends on all Sporcle quizzes.
OR
Log In

Show Comments

Extras

Top Quizzes Today


Score Distribution

Your Account Isn't Verified!

In order to create a playlist on Sporcle, you need to verify the email address you used during registration. Go to your Sporcle Settings to finish the process.

Report this User

Report this user for behavior that violates our Community Guidelines.

Details: